| 000 | 00640nam a2200217 a 4500 | ||
|---|---|---|---|
| 005 | 20210223123455.0 | ||
| 008 | 991125s1986 es 000 0 spa u | ||
| 020 | _a8425212944 | ||
| 035 | _aUPN01000054003 | ||
| 049 | _aCG | ||
| 050 | 4 |
_aQA76.6 _bP6.88 1986 |
|
| 100 | 1 | _aPolitis, R. | |
| 245 | 1 | 3 |
_aEl sistema operativo MS-DOS PC-DOS / _cR. Politis, B. Vanryb ; tr. Edward Ballester Portillo. |
| 250 | _a2a ed. | ||
| 260 |
_aBarcelona [Esp.] : _bG. Gili, _c1986. |
||
| 300 | _a151 p. | ||
| 440 | 0 | _aInformática de gestión | |
| 650 | 4 |
_aMS-DOS (ARCHIVO PARA COMPUTADORA) _910709 |
|
| 700 | 1 |
_aVanryb, B., _ecoaut. |
|
| 905 | _aLibro | ||
| 999 |
_c54003 _d54003 |
||